000
00215 a2200097 4500
001
38294
100
_a
245
_a
Supervising & managing people
260
_a
New York
_b
McGraw Hill
_c
1996
090
_c
24338
_d
24338
942
_a
NUST-CAE
_c
M
_c
15934
999
_c
273367
_d
273367